01090nam a22002537a 450000500170000000800410001701500170005802000180007504100080009304400070010108200190010810000290012724501320015626000670028830000270035550002300038265000280061265000570064065000170069765000270071470000330074170000310077470000310080520200104041629.0150914s2010 ck a r o00010 spa d ack-2003-xxxx a97895867081730 aspa ack04a574.526 bA28b1 aAguilera-Castro, Adriana10aBiodiversidad y recursos genéticos : bdireccionamiento prospectivo y estratégico - CIEBREG /cAdriana Aguilera ...[et al]. aBogotá, bColcienciasbCiebregbUniversidad del Vallec2003. a159 p.btablasc28 cm. aProyecto de investigación "Generación de Capacidades para la formulación de los planes estratégicos de os Centros de Investigación de Excelencia de Colciencias", convenio No. 163 de 2001 entre Colciencias y Univalle 4aDiversidad biológica. 4aDiversidad biológicaz Colombiax Investigaciones. aEcosistemas. 6aDesarrollo sostenible.1 aRodriguez-Pineda, John Mario1 aPineda, Angélica María1 aGarcía-Solarte, Mónica